Diplomacia malých štátov na príklade Maltskej republiky diplomová práca

Na minha lista:
Detalhes bibliográficos
Autor principal: Adamová, Mária
Autor Corporativo: Fakulta medzinárodných vzťahov EU. Katedra medzinárodných ekonomických vzťahov a hospodárskej diplomacie
Outros Autores: Mattoš, Boris, 1977-
Formato: Livro
Idioma:eslovaco
Publicado em: Bratislava 2014
Tags: Adicionar Tag
Sem tags, seja o primeiro a adicionar uma tag!

MARC

LEADER 00000nbm a2200000 4500
001 0187672
005 20170201090629.0
041 0 |a slo 
044 |a SK 
245 1 0 |a Diplomacia malých štátov na príklade Maltskej republiky  |b diplomová práca  |c Mária Adamová ; školiteľ: Boris Mattoš 
264 1 |a Bratislava  |c 2014 
300 |a 70 s. 
100 1 |a Adamová, Mária 
700 1 |a Mattoš, Boris, 1977- 
710 2 |a Fakulta medzinárodných vzťahov EU. Katedra medzinárodných ekonomických vzťahov a hospodárskej diplomacie